Sports Quiz

Random Sports Quiz

2011 Tour de France Stages and Classifications Quiz Stats

 Plays Quiz not verified by Sporcle

Challenge
Share
Tweet
Embed
Score 0/98 Timer 03:00
0 Plays Today
% Correct
Cadel Evans
100%
Cadel Evans
100%
Cadel Evans
100%
Cadel Evans
100%
Cadel Evans
100%
Cadel Evans
100%
Cadel Evans
100%
Cadel Evans
100%
Andy Schleck
98.4%
Fränk Schleck
98.4%
Andy Schleck
98.4%
Fränk Schleck
98.4%
Fränk Schleck
98.4%
Andy Schleck
98.4%
Andy Schleck
98.4%
Fränk Schleck
98.4%
Alberto Contador
97.4%
Alberto Contador
97.4%
Mark Cavendish
97.4%
Alberto Contador
97.4%
Alberto Contador
97.4%
Mark Cavendish
97.4%
Mark Cavendish
97.4%
Mark Cavendish
97.4%
Mark Cavendish
97.4%
Mark Cavendish
97.4%
Alberto Contador
97.4%
Alberto Contador
97.4%
Mark Cavendish
97.4%
Thomas Voeckler
94.8%
Thomas Voeckler
94.8%
Samuel Sanchez
92.7%
Samuel Sanchez
92.7%
% Correct
Samuel Sanchez
92.7%
Samuel Sanchez
92.7%
Samuel Sanchez
92.7%
Samuel Sanchez
92.7%
Pierre Rolland
92.1%
Pierre Rolland
92.1%
Luis Leon Sanchez
92.1%
Pierre Rolland
92.1%
Philippe Gilbert
86.4%
Thor Hushovd
86.4%
Philippe Gilbert
86.4%
Thor Hushovd
86.4%
Philippe Gilbert
86.4%
Thor Hushovd
86.4%
Philippe Gilbert
86.4%
Thor Hushovd
86.4%
Thor Hushovd
86.4%
Andre Greipel
85.9%
Andre Greipel
85.9%
Andre Greipel
85.9%
Andre Greipel
85.9%
Andre Greipel
85.9%
Edvald Boasson Hagen
80.1%
Team Garmin - Cervelo
80.1%
Edvald Boasson Hagen
80.1%
Edvald Boasson Hagen
80.1%
Edvald Boasson Hagen
80.1%
Edvald Boasson Hagen
80.1%
Ivan Basso
76.4%
Joaquin Rojas
76.4%
Joaquin Rojas
76.4%
Joaquin Rojas
76.4%
Joaquin Rojas
76.4%
% Correct
Damiano Cunego
74.9%
Tyler Farrar
71.7%
Rein Taaramae
71.7%
Tyler Farrar
71.7%
Tyler Farrar
71.7%
Tyler Farrar
71.7%
Jelle Vanendert
71.2%
Jelle Vanendert
71.2%
Jelle Vanendert
71.2%
Tony Martin
70.7%
Tom Danielson
61.3%
Jeremy Roy
58.1%
BMC Racing Team
58.1%
Jeremy Roy
58.1%
Jean Christophe Peraud
56.5%
Alessandro Petacchi
54.5%
Alessandro Petacchi
54.5%
Sky Professional Cycling Team
52.9%
Johnny Hoogerland
49.7%
Sandy Casar
48.7%
Sandy Casar
48.7%
Ryder Hesjedal
45.5%
Romain Feillu
43.5%
Arnold Jeannesson
42.9%
Matthew Goss
38.7%
David Moncoutie
37.7%
Bauke Mollema
37.7%
Jerome Coppel
33%
Rob Ruijgh
29.8%
Alexandre Vinokourov
29.8%
Rui Faria Da Costa
28.8%
Maxim Iglinsky
19.9%

You're not logged in!

Compare scores with friends on all Sporcle quizzes.
OR
Log In

You Might Also Like...

Show Comments

Extras

Created Jul 25, 2011ReportNominate
Tags:2011, classification, France, stage, tour

Top Quizzes Today


Score Distribution

Your Account Isn't Verified!

In order to create a playlist on Sporcle, you need to verify the email address you used during registration. Go to your Sporcle Settings to finish the process.

Report this User

Report this user for behavior that violates our Community Guidelines.

Details: